000
00329nam a2200133Ia 4500
008
220204s9999 xx 000 0 und d
082
_a
575.222.78
_b
JAN
100
_a
Janossy, A
245
0
_a
Heterosis in plant breeding
260
_a
Amsterdam
_b
Elsevier
_c
1974
650
_a
Heterosis
700
_a
Lupton, F G H
942
_c
BK
999
_c
25015
_d
25015